[Event "95th Caplin Hastings Congress"]
[Site "Hastings"]
[Date "2020.01.01"]
[Round "5.1"]
[White "Petrov, Martin"]
[Black "Panchanathan, Magesh Chandran"]
[Result "0-1"]
[WhiteElo "2497"]
[BlackElo "2479"]
[Annotator "TA"]
[PlyCount "132"]
[EventDate "2019.12.28"]
[EventType "swiss"]
[EventCountry "ENG"]
[SourceTitle "playchess.com"]
[Source "ChessBase"]
[SourceQuality "1"]

{[%evp 13,156,29,20,20,28,26,25,12,46,16,20,8,11,-30,-34,-26,-27,-21,-33,-32,0,-20,0,-33,0,-14,-13,-20,-20,-20,-20,-20,-20,-35,-20,-31,-30,-44,-33,-45,-54,-52,-50,-54,-53,-54,-38,-78,-78,-54,-51,-47,-39,-65,-40,-62,-20,-20,-20,-20,-20,-20,-14,-14,-14,-41,-41,-32,-30,-44,-35,-31,-37,-36,-48,-61,-33,-39,-25,-67,-13,-38,-29,-28,-19,-51,-14,-8,-13,-82,-80,-81,-83,-93,-51,-100,-100,-97,-95,-118,-123,-134,-99,-107,-77,-96,-96,-97,-103,-139,-139,-139,-139,-139,-139,-139,-139,-139,-104,-217,-59,-62,0,-631,-628,-614,-613,-576,-28,-17,-32,-36,0,0,-2,-614,-550,-1652,-1513,-12840,-12840,-12850,-12850,-12850,-12850]} 1. e4 e5 2. Nf3 Nc6 3. Bc4 Nf6 4. d3 Be7 5. O-O O-O 6. Re1 d6 7. a4 Na5 8. Ba2 {C55: Two Knights: 4 d3, 4 d4 exd4 5 e5 and Max Lange Attack} c5 9. Bd2 Nc6 10. Na3 {White has an edge.} (10. h3 Be6 11. Na3 Bxa2 12. Rxa2 d5 13. exd5 Qxd5 14. Ra1 Rfe8 15. Nb5 Bd8 {0-1 (76) Mamedov,R (2667)-Yu,Y (2784) Hengshui 2019}) 10... h6 11. Nc4 Be6 12. h3 $146 ({Predecessor:} 12. Ne3 Bxa2 13. Rxa2 d5 14. exd5 Nxd5 15. Nc4 f6 {½-½ (49) Gnutov,Y (2514)-Babic,D (2463) ICCF email 2016}) 12... Re8 13. Ne3 Bxa2 14. Rxa2 d5 15. exd5 Nxd5 16. Nc4 Bf6 (16... Bd6 $5) 17. Ra1 Qd7 18. Nh2 Bg5 19. Bxg5 hxg5 20. Qg4 (20. Ne3 {looks sharper.} Nxe3 21. Rxe3 f6 22. Nf3 Rad8 23. Nd2) 20... Qxg4 21. Nxg4 f6 22. Nge3 Ndb4 23. Rad1 Rad8 24. Rd2 Rd7 25. Red1 Kf7 26. c3 Na6 27. Nc2 Red8 28. g3 Nc7 29. Kg2 Kg6 30. Ne1 Ne8 31. Nc2 b6 32. Kf3 Nc7 33. N2a3 Ne6 34. a5 bxa5 35. Nc2 Rh8 36. Kg2 Rb8 37. Ne1 Nc7 38. Ra1 Rb5 39. Na3 Rb6 40. Nc4 Ra6 41. Nc2 Nd5 42. Kf3 a4 43. N2e3 Nce7 44. Rdd1 Nb6 (44... Nxe3 {is more complex.} 45. Kxe3 Nf5+ 46. Ke2 Nd6 47. Nd2 Rc7) 45. Ke2 Nf5 46. Nxf5 {Threatens to win with Nfe3.} Kxf5 (46... Nxc4 $15 47. dxc4 Rxd1 48. Ne7+ Kf7 49. Kxd1 Kxe7) 47. Ne3+ Ke6 48. Ra3 Rd8 49. Rb1 Ra5 50. c4 Rh8 51. b4 (51. b3 $11 {remains equal.}) 51... cxb4 $17 52. Rxb4 Kd6 53. Rb1 Kc5 54. Nf1 Rxh3 55. Nd2 Kc6 $1 56. Rba1 Rh8 57. Ne4 Rd8 58. g4 Rd4 59. f3 Rd8 60. Ke3 Ra8 61. R1a2 Nd7 62. Rxa4 Rxa4 63. Rxa4 {[%mdl 4096] Endgame KRN-KRN} a5 {[%cal Ba7a5,Ba5a4][%mdl 32]} 64. Ra3 Nc5 65. Nc3 a4 66. Kd2 {[#]} (66. Ra2 $17 {was called for.}) 66... Kb6 {Played: Ra8-d8} 0-1

[Event "95th Caplin Hastings Congress"]
[Site "Hastings"]
[Date "2020.01.01"]
[Round "5.2"]
[White "Merry, Alan B"]
[Black "Edouard, Romain"]
[Result "0-1"]
[WhiteElo "2420"]
[BlackElo "2653"]
[Annotator "TA"]
[PlyCount "146"]
[EventDate "2019.12.28"]
[EventType "swiss"]
[EventCountry "ENG"]
[SourceTitle "playchess.com"]
[Source "ChessBase"]
[SourceQuality "1"]

{[%evp 17,146,14,24,9,22,25,21,0,45,0,0,0,0,0,0,0,0,-14,0,-35,15,13,15,16,15,0,0,4,22,23,23,0,0,0,31,-20,49,31,37,15,33,38,74,0,0,0,0,0,0,0,79,79,79,79,77,75,76,71,100,101,121,-6,-6,-12,0,0,0,0,-8,-24,-24,-43,0,0,0,0,0,0,0,-1,-1,-6,-6,-24,-12,-43,-43,-43,-43,-43,-43,-43,-43,-43,-43,-43,-43,-43,-43,-43,-43,-77,-77,-77,-77,-77,-77,-77,-77,-77,-60,-60,-60,-60,-60,-60,-60,-60,-60,-60,-60,-29950,-29955,-29971,-29974,-29976,-29976,-29980,-29981,-29980,-29980]} 1. d4 Nf6 2. c4 e6 3. g3 c5 4. d5 exd5 5. cxd5 d6 6. Bg2 g6 7. Nc3 Bg7 8. Nf3 O-O 9. O-O Nbd7 10. Re1 {A62: Modern Benoni: Fianchetto Variation without early ...Nbd7} Ng4 11. Bg5 $146 ({Predecessor:} 11. h3 Nge5 12. Nd2 f5 13. f4 Nf7 14. e4 fxe4 15. Ndxe4 a6 16. a4 Rb8 17. Be3 b5 18. axb5 axb5 {½-½ (57) Leitao,R (2620)-Papaioannou,I (2634) Batumi 2018}) 11... f6 12. Bf4 {The position is equal.} Nge5 13. Nxe5 Nxe5 14. Bxe5 fxe5 15. h4 g5 16. hxg5 Qxg5 17. Qd3 Bd7 18. Be4 h5 (18... Qh6 $5 {[%cal Rf8f2]} 19. Red1 Rf7 $17) 19. Kg2 h4 20. Rh1 h3+ 21. Kg1 Bh6 22. Rf1 Rf7 23. Kh2 Raf8 24. f3 Rg7 {[%csl Gg7][%cal Rg5g3]} 25. Rhg1 a6 26. a4 (26. f4 $14 exf4 27. gxf4) 26... Qd8 ({Black should play} 26... Qe3 $11) 27. b3 Qa5 28. Nd1 b5 29. Ne3 bxa4 30. bxa4 ({Better is} 30. Nc4 $16 Qc7 31. bxa4) 30... Qxa4 $11 31. Nf5 Bxf5 $1 32. Bxf5 Qd4 $1 33. Kxh3 c4 (33... Be3 $11 {remains equal.} 34. Rh1 Qxd3 35. Bxd3 Ra8) 34. Be6+ $16 Kh8 35. Qxd4 exd4 36. f4 c3 37. Rh1 {Kg2 is the strong threat.} Rc7 38. Kg4 Kg7 39. Kf3 ({White should try} 39. Rb1 $16) 39... c2 $11 40. Ke4 Rc3 {aiming for ...Kg6.} 41. Kxd4 Rxg3 42. e3 Rb8 {Black wants to play ...Bxf4!} 43. Rhg1 Bxf4 $1 44. Kc3 Rb1 45. Rxg3+ Bxg3 {[%mdl 4096] Endgame KRB-KRB} 46. Rf7+ Kg6 47. Kxc2 Ra1 48. Kb3 a5 49. Ra7 Be1 50. Bd7 Kf6 51. Bc6 Bb4 52. Ra8 Ra3+ 53. Kc4 Rxe3 54. Rf8+ Kg7 55. Rf4 Ra3 56. Kb5 Ra1 57. Kc4 Kg6 58. Rf8 Bc5 59. Kc3 a4 {[%cal Ba5a4,Ba4a3][%mdl 32]} 60. Bb5 a3 {And now ...Rc1+ would win.} 61. Rf1 Ra2 62. Bd3+ Kg5 63. Bc2 {[#]} Bd4+ $1 {[%mdl 576] Deflection} 64. Kxd4 {Hoping for Kc3.} Rxc2 $15 {KR-KR} 65. Rf8 a2 66. Ra8 Kf4 {White must now prevent ...Rd2+.} 67. Rf8+ Kg3 68. Ra8 $1 Kf2 69. Ke4 $2 {[%mdl 8192] [#]} (69. Kd3 $15 Re2 70. Ra6) 69... Ke1 {Black mates.} 70. Kd3 Kd1 71. Ra7 Kc1 72. Ra8 Kb1 73. Ra7 Rh2 {Accuracy: White = 48%, Black = 66%.} 0-1

[Event "95th Caplin Hastings Congress"]
[Site "Hastings"]
[Date "2020.01.01"]
[Round "5.3"]
[White "Van den Doel, Erik"]
[Black "Willow, Jonah B"]
[Result "1-0"]
[WhiteElo "2589"]
[BlackElo "2355"]
[Annotator "RC"]
[PlyCount "99"]
[EventDate "2019.12.28"]
[EventType "swiss"]
[EventCountry "ENG"]
[SourceTitle "playchess.com"]
[Source "ChessBase"]
[SourceQuality "1"]
[TimeControl "40/6600+30:3000+30"]

1. e4 {[%emt 0:09:41]} e5 {[%emt 0:09:49]} 2. Nf3 {[%emt 0:00:23]} Nc6 {[%emt 0:00:05]} 3. Bb5 {[%emt 0:05:26]} a6 {[%emt 0:00:30]} 4. Ba4 {[%emt 0:00:07]} d6 {[%emt 0:00:05]} 5. O-O {[%emt 0:00:27]} Bg4 {[%emt 0:00:45]} 6. c3 {[%emt 0:01:38]} Nf6 {[%emt 0:01:24]} 7. d3 {[%emt 0:07:41]} Be7 {[%emt 0:02:04]} 8. Nbd2 {[%emt 0:02:20]} Nd7 {[%emt 0:00:27]} 9. h3 {[%emt 0:04:03]} Bh5 {[%emt 0:00:30]} 10. b4 {[%emt 0:02:47]} O-O {[%emt 0:10:14]} 11. a3 {[%emt 0:09:46]} Re8 {[%emt 0:06:29]} 12. Re1 {[%emt 0:00:44]} Bg5 {[%emt 0:01:04]} 13. g4 {[%emt 0:04:55]} Bg6 {[%emt 0:00:33]} 14. Nxg5 {[%emt 0:07:25]} Qxg5 {[%emt 0:00:07]} 15. Nf3 {[%emt 0:00:08]} Qe7 {[%emt 0:00:41]} 16. Be3 {[%emt 0:06:23]} Nd8 {[%emt 0:03:08]} 17. h4 {[%emt 0:06:11]} h5 {[%emt 0:05:52]} 18. Ng5 {[%emt 0:01:50]} hxg4 {[%emt 0:01:18]} 19. Qxg4 {[%emt 0:00:05]} Nf6 {[%emt 0:00:31]} 20. Qh3 {[%emt 0:06:22]} c6 {[%emt 0:03:13]} 21. Kh2 {[%emt 0:06:20]} Ne6 {[%emt 0:06:38]} 22. Nxe6 {[%emt 0:02:06]} Qxe6 {[%emt 0:00:06]} 23. Qxe6 {[%emt 0:00:08]} Rxe6 {[%emt 0:00:06]} 24. f3 {[%emt 0:00:48]} d5 {[%emt 0:10:09]} 25. Bb3 {[%emt 0:02:55]} Rd6 {[%emt 0:05:34]} 26. Rad1 {[%emt 0:16:33]} Rad8 {[%emt 0:04:09]} 27. Bc5 {[%emt 0:01:48]} R6d7 {[%emt 0:00:25]} 28. Bb6 {[%emt 0:00:27]} Re8 {[%emt 0:00:29]} 29. Kg1 {[%emt 0:01:21]} Bh5 {[%emt 0:10:00]} 30. Kf2 {[%emt 0:00:19]} Rd6 {[%emt 0:00:24]} 31. Rg1 {[%emt 0:03:48]} Nd7 {[%emt 0:01:50]} 32. Be3 {[%emt 0:00:17]} d4 {[%emt 0:02:43]} 33. Bd2 {[%emt 0:00:12]} Nf8 {[%emt 0:07:51]} 34. Rg5 {[%emt 0:02:41]} g6 {[%emt 0:01:36]} 35. cxd4 {[%emt 0:01:19]} Nh7 {[%emt 0:13:41]} 36. Rxh5 {[%emt 0:04:21]} gxh5 {[%emt 0:00:12]} 37. Rg1+ {[%emt 0:00:12]} Kf8 {[%emt 0:01:26]} 38. dxe5 {[%emt 0:01:29]} Rxd3 {[%emt 0:00:35]} 39. Bh6+ {[%emt 0:00:13]} Ke7 {[%emt 0:00:01]} 40. Bc4 {[%emt 0:02:14]} Rc3 {[%emt 0:03:38]} 41. Bxf7 {[%emt 0:14:42]} Kxf7 {[%emt 0:00:55]} 42. Rg7+ {[%emt 0:00:09]} Ke6 {[%emt 0:01:45]} 43. Rxh7 {[%emt 0:00:14]} Rxa3 {[%emt 0:05:40]} 44. Bg7 {[%emt 0:09:30]} Rd8 {[%emt 0:32:18]} 45. Rh6+ {[%emt 0:06:37]} Kf7 {[%emt 0:01:30]} 46. Bf6 {[%emt 0:00:07]} Ra2+ {[%emt 0:02:56]} 47. Kg3 {[%emt 0:05:50]} Rd3 {[%emt 0:03:25]} 48. Bg5 {[%emt 0:00:19]} Re2 {[%emt 0:04:57]} 49. e6+ {[%emt 0:00:15]} Kg7 {[%emt 0:00:21]} 50. Kf4 {[%emt 0:00:12]} 1-0

[Event "95th Caplin Hastings Congress"]
[Site "Hastings"]
[Date "2020.01.01"]
[Round "5.4"]
[White "Wadsworth, Matthew J"]
[Black "Sengupta, Deep"]
[Result "1/2-1/2"]
[WhiteElo "2401"]
[BlackElo "2564"]
[Annotator "TA"]
[PlyCount "74"]
[EventDate "2019.12.28"]
[EventType "swiss"]
[EventCountry "ENG"]
[SourceTitle "playchess.com"]
[Source "ChessBase"]
[SourceQuality "1"]

{[%evp 23,74,18,19,18,16,13,25,13,15,10,31,10,20,0,0,0,0,0,0,19,6,18,41,49,80,41,72,20,31,0,19,-8,-15,-13,-17,-16,0,-20,-18,-16,0,0,7,0,7,6,7,0,0,0,0,6,31]} 1. Nf3 Nf6 2. g3 b6 3. Bg2 Bb7 4. c4 e6 5. b3 Be7 6. Bb2 O-O 7. O-O d5 8. e3 c5 9. Nc3 dxc4 10. bxc4 Nc6 11. Qe2 Rc8 12. Rfd1 Qc7 13. Rab1 {A14: English Opening: 1...e6 with b3 by White} (13. Ne1 Rfd8 14. f4 a6 15. g4 Ne8 16. Rab1 Nd6 17. Ba1 Na5 18. d3 Bc6 19. Qb2 Bf6 20. g5 Bxc3 21. Qxc3 {1-0 (52) Mamedov,R (2703)-Kovalev,V (2683) St Petersburg 2018}) 13... Rfd8 14. d3 Qb8 15. Ba1 {White has an edge.} Qa8 16. Ne1 Nb4 17. a3 (17. f3 {feels hotter.} h6 18. a3 Nc6 19. f4 Ne8 20. Nf3) 17... Bxg2 18. Nxg2 Nc6 19. f4 Rd7 $146 ({Predecessor:} 19... Bf8 20. g4 e5 {1-0 (47) Bofill Mas,A (2391)-Medina Garcia,A (2294) Spain 2003}) 20. g4 Rcd8 21. g5 Ne8 22. Ne4 Na5 {Threatening ...Nxc4!} 23. Nf2 Qc6 24. Bc3 Qa4 25. Nh4 (25. h4 $16) 25... Nc6 {[%cal Ba5c6,Bc6e7,Be7d5][%mdl 32]} 26. Qb2 (26. Bb2 {with more complications.} Nd6 27. Qg4 Bf8 28. Rdc1 Ne8 29. Re1) 26... Bf8 {The position is equal.} 27. Qb5 Qxb5 28. cxb5 Ne7 29. Nf3 f6 30. gxf6 gxf6 31. Kf1 Nd5 32. Bd2 Bd6 33. Ke2 Bc7 34. Rg1+ Rg7 35. Ne4 Rxg1 36. Rxg1+ Kf7 37. a4 Nd6 {Accuracy: White = 54%, Black = 67%.} 1/2-1/2

[Event "95th Caplin Hastings Congress"]
[Site "Hastings"]
[Date "2020.01.01"]
[Round "5.5"]
[White "Bagi, Mate"]
[Black "Stany, G.A."]
[Result "1/2-1/2"]
[WhiteElo "2469"]
[BlackElo "2526"]
[Annotator "TA"]
[PlyCount "127"]
[EventDate "2019.12.28"]
[EventType "swiss"]
[EventCountry "ENG"]
[SourceTitle "playchess.com"]
[Source "ChessBase"]
[SourceQuality "1"]

{[%evp 10,127,25,12,13,8,18,0,0,0,0,0,0,-13,0,0,0,0,0,0,0,0,8,0,0,0,0,-15,-11,-30,-34,-37,-37,-45,-35,-65,-56,-61,-57,-96,-73,-77,-65,-72,-68,-62,-72,-74,-72,-60,-79,-72,-77,-72,-75,-77,-59,-52,-8,-8,-8,-56,-50,-54,-54,-91,-91,-93,-70,-97,-59,-58,-50,-122,-114,-125,-120,-115,-67,-176,-102,-95,-102,-99,-104,-97,-104,-98,-99,-97,-100,-111,-52,-52,-52,-52,-54,-47,-15,-20,-8,-8,0,0,0,-8,-8,-8,0,0,0,0,0,0,0,0,0,0,0,0]} 1. e4 c5 2. Nf3 d6 3. d4 Nf6 4. Nc3 cxd4 5. Qxd4 a6 6. e5 Nc6 {B53: Sicilian: 2...d6: Lines with Qxd4} 7. Qa4 Ng4 (7... dxe5 8. Nxe5 Bd7 9. Nxd7 Qxd7 10. Bd2 g6 11. O-O-O Bg7 12. Bg5 Qg4 13. Bxf6 Qxa4 14. Nxa4 Bxf6 {½-½ (49) Kramnik,V (2808)-Nakamura,H (2785) Stavanger 2017}) 8. exd6 Qb6 9. Nd1 Qb4+ 10. Qxb4 Nxb4 11. Bd3 $146 ({Predecessor:} 11. Nd4 e5 12. a3 exd4 13. axb4 Bxd6 14. b5 {0-1 (30) Olszewski,M (2152)-Zwolakiewicz,K (1971) Chojnice 2006}) 11... Nxd3+ 12. cxd3 exd6 13. Bf4 Be7 14. Nc3 Nf6 15. Nd4 Be6 16. Kd2 Kd7 17. a4 Rac8 18. Rhe1 Bd8 19. Bg5 h6 20. Bxf6 Bxf6 21. Nxe6 fxe6 22. Ne2 Rc6 23. Rab1 Rf8 24. f4 e5 25. g3 Rfc8 26. Rec1 Rxc1 27. Rxc1 exf4 28. Nxf4 Bxb2 $17 {[%mdl 4096] Endgame KRB-KRN} 29. Rb1 Bc3+ 30. Ke3 Re8+ 31. Kf3 Rb8 $1 32. Nd5 Ba5 33. Ke4 b5 34. axb5 Rxb5 35. Rf1 Bd8 $1 36. d4 a5 37. g4 Ke8 38. Rf3 Rb1 39. h3 Re1+ 40. Kd3 $1 Kd7 41. Kc4 (41. Nc3 $15) 41... Kc6 42. Rf8 Rc1+ 43. Nc3 Bf6 44. Ra8 {[#]} (44. Rc8+ $1 $15 Kb7 45. Rf8) 44... d5+ (44... Bh4 $1 $19 {[%cal Rh4e1] Strongly threatening ...Be1.} 45. Kd3 Be1) 45. Kd3 {[#]} Rh1 $1 {[%cal Rh1h3]} 46. Ra6+ Kb7 47. Rxa5 Rxh3+ 48. Kc2 Bxd4 49. Ne2 Bf6 50. Rxd5 Rh2 (50... Ra3 $17 {Threatens to win with ...Ra4.} 51. Rb5+ Kc6) 51. Kd3 $15 Rh4 52. Rb5+ $1 Kc6 53. Rb4 h5 {...g5 is the strong threat.} 54. Rc4+ {The position is equal.} Kb5 {And now ...Rh3+ would win.} 55. Nd4+ Bxd4 {[%mdl 64] Overworked Piece} 56. Rxd4 $11 {KR-KR} Kc5 57. Rf4 Kd6 58. Ke4 g5 59. Rf6+ {[#]} Ke7 $1 60. Rg6 Rxg4+ 61. Kf5 Rg3 {aiming for ...h4.} 62. Rxg5 h4 {( -> ...Rxg5+)} 63. Rh5 h3 64. Kf4 {Accuracy: White = 59%, Black = 73%.} 1/2-1/2

[Event "95th Caplin Hastings Congress"]
[Site "Hastings"]
[Date "2020.01.01"]
[Round "5.6"]
[White "Korneev, Oleg"]
[Black "Flear, Glenn C"]
[Result "1/2-1/2"]
[WhiteElo "2524"]
[BlackElo "2440"]
[Annotator "TA"]
[PlyCount "95"]
[EventDate "2019.12.28"]
[EventType "swiss"]
[EventCountry "ENG"]
[SourceTitle "playchess.com"]
[Source "ChessBase"]
[SourceQuality "1"]

{[%evp 23,95,10,25,33,29,32,32,16,19,23,22,23,20,0,0,0,0,0,0,-3,0,0,0,0,0,-3,-3,-3,-3,0,0,0,0,0,0,0,5,5,5,5,31,31,31,31,31,0,0,0,0,0,0,0,0,0,0,0,0,0,0,0,0,0,0,0,0,0,0,0,0,0,0,0,0,0]} 1. e4 e5 2. Nf3 Nc6 3. Bb5 a6 4. Ba4 Nf6 5. O-O Be7 6. Re1 b5 7. Bb3 d6 8. c3 O-O 9. h3 Na5 10. Bc2 c5 11. d4 Qc7 12. d5 Bd7 13. b3 {C97: Closed Ruy Lopez: Chigorin Defence: 11 d4 Qc7, sidelines} g6 (13... Rfe8 14. Nbd2 g6 15. Nf1 Nh5 16. Ng3 Nxg3 17. fxg3 Nb7 18. Be3 c4 19. b4 a5 20. a4 Rec8 21. axb5 Bxb5 {1-0 (55) Robson,R (2653)-Smirin,I (2599) Saint Louis 2019}) 14. Bh6 Rfc8 15. Nbd2 {White is slightly better.} c4 16. b4 Nb7 17. Nf1 a5 18. a3 Nh5 19. Ng3 $146 ({Predecessor:} 19. Qd2 Ra6 20. Reb1 Rca8 {1-0 (55) Acosta Mira,J (2241)-Weber,K (2291) ICCF email 2013}) 19... Nxg3 20. fxg3 Nd8 21. Qd2 f6 22. Be3 Nf7 23. g4 Ra6 24. Rad1 axb4 25. axb4 Ra2 26. Qc1 Rf8 27. Rf1 Qb7 28. Bb1 Ra1 29. Kh2 Qa8 30. Rde1 Kg7 31. Qd2 Qb7 32. g5 Raa8 33. gxf6+ Bxf6 34. Ng5 Nxg5 {The position is equal.} 35. Bxg5 Bxg5 36. Qxg5 Qc7 37. Qe7+ Kg8 38. Bc2 Rae8 $1 {[%cal Re8e7]} 39. Rxf8+ Rxf8 40. Ra1 Rf7 41. Ra8+ Kg7 $1 42. Qg5 Qb6 43. Bd1 Rf1 {aiming for ...Qg1+.} 44. Qe7+ {[%mdl 64] [#] Double Attack} Kh6 45. Rf8 Rxd1 46. Qh4+ Kg7 {( -> ...Qg1+)} 47. Qf6+ Kh6 {[#] Threatens to win with ...Qg1+.} 48. Qh4+ {Accuracy: White = 91%, Black = 81%.} 1/2-1/2

[Event "95th Caplin Hastings Congress"]
[Site "Hastings"]
[Date "2020.01.01"]
[Round "5.7"]
[White "Bates, Richard A"]
[Black "Swayams, Mishra"]
[Result "1/2-1/2"]
[WhiteElo "2342"]
[BlackElo "2479"]
[Annotator "TA"]
[PlyCount "28"]
[EventDate "2019.12.28"]
[EventType "swiss"]
[EventCountry "ENG"]
[SourceTitle "playchess.com"]
[Source "ChessBase"]
[SourceQuality "1"]

{[%evp 14,28,19,-8,0,0,0,-6,-3,-4,0,-17,22,8,67,60,125]} 1. d4 Nf6 2. Nf3 e6 3. c4 d5 4. g3 dxc4 5. Bg2 Bd7 6. Ne5 Bc6 7. Nxc6 Nxc6 8. Qa4 Qd7 {E04: Open Catalan: 5 Nf3} 9. O-O Nxd4 10. Qxc4 b5 {The position is equal.} (10... O-O-O 11. Nc3 e5 12. Bg5 Qe6 13. Qa4 Bc5 14. e3 Nc6 15. Rac1 Bb6 16. Bxf6 gxf6 {½-½ (69) Bindrich,F (2594)-Ponomariov,R (2710) Berlin 2015}) 11. Qd3 Rd8 12. Be3 e5 13. Nc3 $146 ({Predecessor:} 13. Bxd4 exd4 14. a4 bxa4 15. Qa6 Nd5 16. Rxa4 {½-½ (32) Lalith,B (2518)-Li,D (2467) Xingtai 2018}) 13... c5 (13... a6 $11) 14. Bxd4 $14 cxd4 ({Black should try} 14... exd4 $14 15. Qxb5 Qxb5 16. Nxb5 Rb8) 1/2-1/2

[Event "95th Caplin Hastings Congress"]
[Site "Hastings"]
[Date "2020.01.01"]
[Round "5.8"]
[White "Howell, David W L"]
[Black "Williams, Simon K"]
[Result "1-0"]
[WhiteElo "2676"]
[BlackElo "2461"]
[Annotator "TA"]
[PlyCount "101"]
[EventDate "2019.12.28"]
[EventType "swiss"]
[EventCountry "ENG"]
[SourceTitle "playchess.com"]
[Source "ChessBase"]
[SourceQuality "1"]

{[%evp 9,101,29,23,19,33,40,28,32,56,37,36,31,55,7,81,82,80,92,89,86,80,94,75,75,102,102,107,105,103,109,111,113,127,118,159,159,159,159,163,158,162,153,155,150,156,141,148,132,132,135,177,177,184,184,199,184,204,198,449,194,316,250,250,250,344,342,345,345,554,352,305,0,613,605,597,582,590,599,535,498,1143,1114,1094,1029,29977,29978,29978,29979,29983,29984,29984,29985,29993,29994]} 1. Nf3 f5 2. d3 Nc6 (2... Nf6 3. e4 d6 4. exf5 Bxf5 5. d4 Qd7 6. a3 e5 7. Nc3 Nc6 8. Bg5 Be7 9. dxe5 Nxe5 10. Nxe5 Qe6 11. Qe2 dxe5 {½-½ (25) Grischuk,A (2766)-Mamedyarov,S (2765) Paris 2019}) 3. d4 e6 4. g3 Nf6 5. Bg2 d5 6. O-O {A04: Unusual lines after 1 Nf3 and King's Indian Attack} Be7 7. c4 Ne4 $146 ({Predecessor:} 7... O-O 8. cxd5 exd5 9. Nc3 {½-½ (48) Zaragatski,I (2491)-Bosch,J (2377) Netherlands 2016}) 8. Nc3 {White has an edge.} O-O 9. cxd5 exd5 10. Qb3 Kh8 11. Kh1 (11. Rd1 {feels hotter.} Na5 12. Qc2 Be6 13. Bf4 Rc8 14. h4) 11... Bf6 (11... Bb4 $11 {keeps the balance.}) 12. Qxd5 $16 Nxd4 13. Nxd4 Bxd4 14. Qxd8 $40 {[%mdl 128] White attacks with force.} Rxd8 15. Nxe4 fxe4 16. Bxe4 Re8 17. f3 c6 18. Rd1 Bf6 19. Rb1 Be6 20. b3 {[%cal Bb2b3,Bb3a4][%mdl 32]} a5 21. Bb2 a4 22. Bxf6 gxf6 23. bxa4 Re7 24. Rb4 Bxa2 25. Rd2 Bf7 26. Kg2 Kg7 27. Kf2 Bg6 28. Bxg6 hxg6 {[%mdl 4096] Endgame KRR-KRR} 29. h4 Kf7 30. e4 Ra5 31. g4 Ke6 32. Kg3 Rc7 33. Rd8 c5 $2 {[#]} (33... Kf7 34. Rd2 Re7) 34. Rc4 (34. Rb6+ $142 Ke7 35. Rh8) 34... Rd7 (34... Kf7 $142 35. Kf4 Ke7) 35. Rc8 b6 36. g5 fxg5 37. hxg5 Rd6 38. Rc7 Rd7 $2 (38... Rd4) 39. Rc6+ Rd6 40. Rc7 $2 (40. Rxd6+ Kxd6 41. f4) 40... Rd7 $1 $18 {[%cal Rd7c7]} 41. Rxd7 Kxd7 {KR-KR} 42. f4 Ke6 43. Kg4 Ra8 44. f5+ Ke5 (44... Kd6 $142 45. Kf4 (45. fxg6 Rg8 $18) 45... Ra7 46. fxg6 Ke6) 45. fxg6 Ke6 46. Rc1 Rxa4 47. Kh5 {White mates.} Ra2 48. Rh1 b5 49. g7 Kf7 {[#]} 50. Kh6 $1 Kg8 51. Rf1 {Accuracy: White = 76%, Black = 21%.} 1-0

[Event "95th Caplin Hastings Congress"]
[Site "Hastings"]
[Date "2020.01.01"]
[Round "5.9"]
[White "Kantor, Gergely"]
[Black "Rudd, Jack"]
[Result "1-0"]
[WhiteElo "2541"]
[BlackElo "2331"]
[Annotator "TA"]
[PlyCount "57"]
[EventDate "2019.12.28"]
[EventType "swiss"]
[EventCountry "ENG"]
[SourceTitle "playchess.com"]
[Source "ChessBase"]
[SourceQuality "1"]

{[%evp 10,57,37,33,39,33,59,56,111,99,103,99,99,94,104,103,138,156,172,156,151,157,152,159,160,169,163,147,143,132,142,133,138,106,110,107,105,132,325,311,306,300,545,542,592,582,1289,541,586,578]} 1. d4 Nf6 2. c4 g6 3. Nc3 Bg7 4. e4 d6 5. h3 Nbd7 6. Bg5 c6 {E71: King's Indian: 4 e4 d6 5 h3} (6... h6 7. Be3 e5 8. d5 Nc5 9. Qc2 a5 10. Nf3 h5 11. Bd3 Qe7 12. Qd2 c6 13. Bc2 cxd5 14. exd5 {0-1 (42) Kazhgaleyev,M (2566)-Smirin,I (2655) St Petersburg 2014}) 7. Nf3 e5 8. d5 c5 ({Better is} 8... cxd5 $14 9. cxd5 (9. Nxd5 h6 $11) 9... O-O) 9. Be2 h6 $146 ({Predecessor:} 9... O-O 10. Qd2 a6 11. O-O Qe8 12. Nh2 Kh8 13. Rae1 Ng8 14. Bd3 f6 15. Be3 Ne7 16. f4 exf4 17. Bxf4 Ne5 18. Nf3 Bd7 19. Nxe5 fxe5 {1-0 (52) Nun,J (2420)-Hausner,I (2360) Decin 1976}) 10. Be3 a6 11. Nd2 O-O 12. g4 g5 13. h4 Nh7 14. hxg5 hxg5 15. Nf1 Re8 16. Ng3 Ndf8 {[%cal Bd7f8,Bf8g6,Bg6f4][%mdl 32]} 17. Qd2 Ng6 18. f3 Nf4 19. Bf1 Nf8 20. Qh2 N8g6 21. Nf5 Bxf5 22. Qh7+ Kf8 {[#] aiming for ...Bd7.} 23. exf5 ({Much worse is} 23. gxf5 Nh4 $15) 23... e4 $2 (23... Nh4 $16) 24. fxg6 $18 exf3 25. gxf7 Rxe3+ $2 {[#]} (25... Kxf7 {was necessary.} 26. Qf5+ (26. Ne4 Qe7 $11) 26... Qf6) 26. Kd2 $1 {Hoping for Qg8+.White is clearly winning.} Qf6 27. Kxe3 Ng6 28. Kd2 {Black must now prevent Qg8+.} Kxf7 {Strongly threatening ...Rh8.} 29. Bd3 {Accuracy: White = 68%, Black = 42%.} 1-0